Statistics for Criminal Case

Click here to take the quiz!

General Stats

  • This quiz has been taken 37 times
  • The average score is 35 of 336

Answer Stats

CaseStatusAnswer% Correct
1. The Death of Rosa WolfVictimRosa Wolf
100%
2. Corpse in a GardenSuspectTony Marconi
54%
11. Into the Vipers' NestKillerTony Marconi
54%
5. A Russian CaseSuspectTony Marconi
54%
49. All the King's HorsesSuspectTony Marconi
54%
51. It All Ends HereSuspectTony Marconi
54%
8. Beautiful No MoreSuspectTony Marconi
54%
2. Corpse in a GardenSuspectJoe Stern
46%
9. Burned to the BoneKillerJoe Stern
46%
21. The Secret ExperimentsKillerAlden Greene
42%
18. In the Dead of NightSuspectAlden Greene
42%
51. It All Ends HereSuspectAlden Greene
42%
15. Family BloodSuspectAlden Greene
42%
12. Blood on the Trading FloorSuspectAlden Greene
42%
45. A Shot of BeautySuspectAlden Greene
42%
2. Corpse in a GardenKillerDennis Brown
42%
2. Corpse in a GardenVictimNed Dillard
42%
3. The Grim ButcherKillerTrish Colletti
42%
11. Into the Vipers' NestSuspectAsh Bison
38%
1. The Death of Rosa WolfSuspectAsh Bison
38%
3. The Grim ButcherVictimJennifer Carter
38%
18. In the Dead of NightKillerJulian Ramis
38%
18. In the Dead of NightSuspectEdward Ramis
33%
2. Corpse in a GardenSuspectMaria Sanchez
33%
1. The Death of Rosa WolfKillerMatt Barry
33%
11. Into the Vipers' NestSuspectOne-Tooth Sam
33%
3. The Grim ButcherSuspectOne-Tooth Sam
33%
3. The Grim ButcherSuspectRaphael Soza
33%
5. A Russian CaseVictimAnton Levin
29%
2. Corpse in a GardenSuspectDave Simmons
29%
18. In the Dead of NightVictimFreddy Stewart
29%
16. The Kiss of DeathSuspectRachel Priest
29%
19. Innocence LostSuspectRachel Priest
29%
13. Bomb Alert on GrimsboroughSuspectRachel Priest
29%
21. The Secret ExperimentsVictimRachel Priest
29%
3. The Grim ButcherSuspectRaoul Colletti
29%
3. The Grim ButcherSuspectVanessa Carter
29%
4. The Dockyard KillerKillerBulldog
25%
6. Good Cop Dead CopVictimEd Dunkin
25%
15. Family BloodKillerScott Greene
25%
15. Family BloodVictimAileen Greene
21%
8. Beautiful No MoreKillerAlice August
21%
4. The Dockyard KillerVictimDan Broke
21%
5. A Russian CaseSuspectDimitri Balanchine
21%
11. Into the Vipers' NestSuspectGinger
21%
6. Good Cop Dead CopSuspectGinger
21%
6. Good Cop Dead CopKillerHarry Landry
21%
5. A Russian CaseKillerMikhail Levin
21%
39. Marked for DeathSuspectMikhail Levin
21%
15. Family BloodSuspectPaul Greene
21%
10. Under the KnifeKillerPaul Oaster
21%
4. The Dockyard KillerSuspectSally Stone
21%
32. Murder on CampusSuspectTess Goodwin
21%
35. At the End of the RopeSuspectTess Goodwin
21%
41. The Rorschach ReaperKillerTess Goodwin
21%
55. Ashes to AshesVictimTess Goodwin
21%
37. The Reaper and the GeekSuspectTess Goodwin
21%
8. Beautiful No MoreVictimTrixie Velvet
21%
9. Burned to the BoneSuspectTroy Cassidy
21%
11. Into the Vipers' NestSuspectTroy Cassidy
21%
6. Good Cop Dead CopSuspectZeus
21%
42. Blood and GlorySuspectAdam Bentley
17%
51. It All Ends HereVictimAdam Bentley
17%
47. One Wedding and a FuneralSuspectAdam Bentley
17%
50. Snakes on the StageSuspectAdam Bentley
17%
5. A Russian CaseSuspectBart Williams
17%
4. The Dockyard KillerSuspectBart Williams
17%
9. Burned to the BoneSuspectBig Baby
17%
9. Burned to the BoneVictimChad Whickman
17%
17. The Last SupperVictimDaisy Thompson
17%
13. Bomb Alert on GrimsboroughKillerDonald Byrd
17%
16. The Kiss of DeathVictimEmma Ternon
17%
5. A Russian CaseSuspectEva Coleman
17%
12. Blood on the Trading FloorKillerHarry Krane
17%
13. Bomb Alert on GrimsboroughVictimHenry Crosby
17%
14. Fashion VictimVictimLucy Campbell
17%
32. Murder on CampusSuspectMadison Springer
17%
34. Dead Man RunningSuspectMadison Springer
17%
41. The Rorschach ReaperVictimMadison Springer
17%
38. Spring Break MassacreSuspectMadison Springer
17%
36. The Devil's PlaygroundSuspectMadison Springer
17%
14. Fashion VictimKillerOdell Toole
17%
18. In the Dead of NightSuspectRamona Stewart
17%
9. Burned to the BoneSuspectRose Cassidy
17%
9. Burned to the BoneSuspectSalvador Cordero
17%
11. Into the Vipers' NestVictimSalvador Cordero
17%
12. Blood on the Trading FloorVictimSamuel Rye
17%
10. Under the KnifeVictimAlan Cardwell
13%
6. Good Cop Dead CopSuspectAngel Martinez
13%
8. Beautiful No MoreSuspectBiff Wellington
13%
14. Fashion VictimSuspectBiff Wellington
13%
39. Marked for DeathSuspectCathy
13%
7. Death by CrucifixtionKillerDr. Bishop
13%
6. Good Cop Dead CopSuspectFreddie Whitmore
13%
17. The Last SupperSuspectGabriel Thompson
13%
4. The Dockyard KillerSuspectGloria Roach
13%
20. A Deadly GameSuspectHarper McAlister
13%
13. Bomb Alert on GrimsboroughSuspectHarriet Meadows
13%
12. Blood on the Trading FloorSuspectJack Ryan
13%
4. The Dockyard KillerSuspectJames Smith
13%
14. Fashion VictimSuspectKim Aoki
13%
7. Death by CrucifixtionSuspectLinda Lovara
13%
22. To Die or Not to DieSuspectMargaret Littlewood
13%
31. Dog Eat DogKillerMargaret Littlewood
13%
28. The Haunting of Elm ManorSuspectMargaret Littlewood
13%
24. Anatomy of a MurderSuspectMargaret Littlewood
13%
14. Fashion VictimSuspectNina Hunt
13%
22. To Die or Not to DieKillerPhineas Fine
13%
16. The Kiss of DeathKillerRoger Dence
13%
51. It All Ends HereKillerSamuel King
13%
10. Under the KnifeSuspectSarah Cardwell
13%
13. Bomb Alert on GrimsboroughSuspectShaun Crosby
13%
35. At the End of the RopeSuspectThe @rtist
13%
33. Killing Me SoftlySuspectThe @rtist
13%
15. Family BloodSuspectTom Hunt
13%
20. A Deadly GameKillerTyler McAlister
13%
17. The Last SupperKillerValentine Montgomery
13%
17. The Last SupperSuspectAlfred Ziegler
8%
13. Bomb Alert on GrimsboroughSuspectAlfred Ziegler
8%
12. Blood on the Trading FloorSuspectBrooke Chase
8%
21. The Secret ExperimentsSuspectCarl Ackerman
8%
56. There Will Be BloodSuspectCathy King
8%
41. The Rorschach ReaperSuspectCathy King
8%
8. Beautiful No MoreSuspectColin Stokes
8%
10. Under the KnifeSuspectCurtis Newman
8%
53. Burying the HatchetSuspectDelsin Peota
8%
56. There Will Be BloodVictimDelsin Peota
8%
22. To Die or Not to DieSuspectDesmond Galloway
8%
31. Dog Eat DogSuspectDesmond Galloway
8%
25. The Ghost of GrimsboroughSuspectDesmond Galloway
8%
7. Death by CrucifixtionSuspectEd Miller
8%
7. Death by CrucifixtionSuspectFrank Janovski
8%
19. Innocence LostVictimGail Harding
8%
31. Dog Eat DogSuspectGertrude Piccadilly
8%
23. The Final JourneySuspectGertrude Piccadilly
8%
29. No Smoke Without FireSuspectGertrude Piccadilly
8%
7. Death by CrucifixtionVictimGordon Michelli
8%
44. The Scent of DeathVictimHank Buxton
8%
45. A Shot of BeautySuspectHoward Johnson
8%
42. Blood and GlorySuspectHoward Johnson
8%
49. All the King's HorsesSuspectHoward Johnson
8%
51. It All Ends HereSuspectHoward Johnson
8%
19. Innocence LostKillerIrina Phelps
8%
15. Family BloodSuspectIrma Fusslepot
8%
21. The Secret ExperimentsSuspectJames Marsh
8%
14. Fashion VictimSuspectJoey Manzano
8%
10. Under the KnifeSuspectJoshua Kempe
8%
12. Blood on the Trading FloorSuspectKate Murphy
8%
45. A Shot of BeautyVictimKerry Ann Buxton
8%
44. The Scent of DeathSuspectKerry Ann Buxton
8%
51. It All Ends HereSuspectLola Vallez
8%
47. One Wedding and a FuneralSuspectLola Vallez
8%
44. The Scent of DeathSuspectLola Vallez
8%
8. Beautiful No MoreSuspectLydia Holly
8%
55. Ashes to AshesSuspectMilton Grimmes
8%
56. There Will Be BloodKillerMilton Grimmes
8%
32. Murder on CampusKillerMisha Goshwalla
8%
23. The Final JourneySuspectMolly Robinson
8%
31. Dog Eat DogVictimMolly Robinson
8%
22. To Die or Not to DieSuspectNellie Appleton
8%
7. Death by CrucifixtionSuspectNikolay Woloch
8%
35. At the End of the RopeKillerPenelope Rivera
8%
16. The Kiss of DeathSuspectRichard Dobbs
8%
10. Under the KnifeSuspectSamantha Warner
8%
53. Burying the HatchetVictimSandy Grimmes
8%
56. There Will Be BloodSuspectSerena Johnson
8%
42. Blood and GlorySuspectSerena Johnson
8%
48. Good Girls Don't DieSuspectSerena Johnson
8%
51. It All Ends HereSuspectSerena Johnson
8%
22. To Die or Not to DieSuspectSheila MacCarthy
8%
38. Spring Break MassacreVictimAaliyah Banks
4%
48. Good Girls Don't DieVictimAbigail Price
4%
27. The Lake's BrideKillerAlexander Vladinsky
4%
17. The Last SupperSuspectAshley Collins
4%
31. Dog Eat DogSuspectCharles Parker
4%
28. The Haunting of Elm ManorSuspectCharles Parker
4%
23. The Final JourneySuspectCharles Parker
4%
24. Anatomy of a MurderKillerCornelia Trent
4%
23. The Final JourneyVictimDaniel Taylor
4%
19. Innocence LostSuspectDerek Molina
4%
21. The Secret ExperimentsSuspectDrake Ribbs
4%
27. The Lake's BrideSuspectElizabeth Hopkins
4%
26. The SummoningSuspectElvira Milton
4%
47. One Wedding and a FuneralKillerEsteban Vallez
4%
28. The Haunting of Elm ManorKillerGloria Fernandez
4%
28. The Haunting of Elm ManorVictimHector Fernandez
4%
43. Troubled WatersKillerIsabella Fairchild
4%
22. To Die or Not to DieVictimJacob Dawks
4%
42. Blood and GloryVictimJerry Bigwall
4%
20. A Deadly GameSuspectJezabela
4%
37. The Reaper and the GeekVictimJoe Turner
4%
16. The Kiss of DeathSuspectJosie Picket
4%
21. The Secret ExperimentsSuspectKelly Speltz
4%
49. All the King's HorsesVictimKhalid Souleyman
4%
20. A Deadly GameSuspectLennie Adams
4%
23. The Final JourneyKillerLily Robinson
4%
35. At the End of the RopeVictimLisa Edwards
4%
51. It All Ends HereSuspectMartha Price
4%
48. Good Girls Don't DieSuspectMartha Price
4%
46. Drive, Swing, DieSuspectMartha Price
4%
43. Troubled WatersSuspectMartha Price
4%
27. The Lake's BrideVictimMary Gray
4%
49. All the King's HorsesSuspectMohammad Souleyman
4%
20. A Deadly GameSuspectNelson Campbell
4%
18. In the Dead of NightSuspectNoah Richards
4%
33. Killing Me SoftlyVictimOlly Oliver
4%
25. The Ghost of GrimsboroughKillerPatrick Rufio
4%
44. The Scent of DeathKillerPeggy Buxton
4%
37. The Reaper and the GeekKillerPeri Foreman
4%
19. Innocence LostSuspectPhilip Rockwell
4%
32. Murder on CampusVictimRani Goshwalla
4%
16. The Kiss of DeathSuspectRozalina Davidov
4%
48. Good Girls Don't DieKillerSabrina Kingston
4%
53. Burying the HatchetKillerShanaya Peota
4%
26. The SummoningVictimSimon Armstrong
4%
20. A Deadly GameVictimSteve Wood
4%
52. A Brave New WorldVictimStuart Huckabee
4%
52. A Brave New WorldKillerSusan Huckabee
4%
19. Innocence LostSuspectSusan Peck
4%
38. Spring Break MassacreKillerTaylor Kirby
4%
17. The Last SupperSuspectTobias Sharp
4%
23. The Final JourneySuspectVictoria Taylor
4%
47. One Wedding and a FuneralVictimWalter Fairbanks
4%
24. Anatomy of a MurderVictimWilfred Turnscrew
4%
25. The Ghost of GrimsboroughVictimWilhelm Moss
4%
44. The Scent of DeathSuspectZack Holden
4%
46. Drive, Swing, DieSuspectZack Holden
4%
51. It All Ends HereSuspectZack Holden
4%
25. The Ghost of GrimsboroughSuspectAdela Zhu
0%
42. Blood and GlorySuspectAkiko Tanaka
0%
26. The SummoningSuspectAlcott Milton
0%
53. Burying the HatchetSuspectAnakee
0%
56. There Will Be BloodSuspectAnakee
0%
43. Troubled WatersVictimAndrew Ashworth
0%
50. Snakes on the StageKillerAnnabel Stewart
0%
49. All the King's HorsesSuspectArchibald Ashworth
0%
43. Troubled WatersSuspectArchibald Ashworth
0%
54. The Poisoned TruthKillerAshton Cooper
0%
52. A Brave New WorldSuspectAshton Cooper
0%
29. No Smoke Without FireSuspectAyden Young
0%
54. The Poisoned TruthSuspectBaxter Trask
0%
50. Snakes on the StageSuspectBeatrice Vane
0%
37. The Reaper and the GeekSuspectBruce Anderson
0%
39. Marked for DeathKillerBryan Vigman
0%
28. The Haunting of Elm ManorSuspectCamilla Brown
0%
41. The Rorschach ReaperSuspectCaroline Fitzgerald
0%
35. At the End of the RopeSuspectCaroline Fitzgerald
0%
40. An Elementary MurderSuspectCaroline Fitzgerald
0%
41. The Rorschach ReaperSuspectChad Baker
0%
38. Spring Break MassacreSuspectChad Baker
0%
34. Dead Man RunningSuspectChad Baker
0%
54. The Poisoned TruthSuspectChantelle Limousin
0%
48. Good Girls Don't DieSuspectCharlene Cody
0%
29. No Smoke Without FireSuspectCharlotte Young
0%
52. A Brave New WorldSuspectChris McCoy
0%
30. The Wollcrafts' CreatureVictimClaire Godwin
0%
29. No Smoke Without FireVictimConnor Sullivan
0%
26. The SummoningSuspectConstance Bell
0%
30. The Wollcrafts' CreatureSuspectConstance Bell
0%
55. Ashes to AshesSuspectConstance Bell
0%
46. Drive, Swing, DieSuspectDanny Doyle
0%
40. An Elementary MurderSuspectDennis Mills
0%
43. Troubled WatersSuspectDonald Hopkins
0%
41. The Rorschach ReaperSuspectDonna Walker
0%
39. Marked for DeathSuspectDonna Walker
0%
32. Murder on CampusSuspectDonna Walker
0%
45. A Shot of BeautySuspectDwayne Vermont
0%
36. The Devil's PlaygroundSuspectDylan Cobbs
0%
36. The Devil's PlaygroundKillerEzekiel Hersberger
0%
28. The Haunting of Elm ManorSuspectFather Von Pratt
0%
27. The Lake's BrideSuspectFloyd Russel
0%
34. Dead Man RunningKillerFranklin Caldwell
0%
30. The Wollcrafts' CreatureSuspectFran Wollcraft
0%
44. The Scent of DeathSuspectGeorgi Papacoulis
0%
36. The Devil's PlaygroundSuspectHannah Hersberger
0%
46. Drive, Swing, DieKillerHarold Knight
0%
50. Snakes on the StageSuspectHarper Stone
0%
52. A Brave New WorldSuspectHerman Cavendish
0%
49. All the King's HorsesKillerHilda Tipton
0%
40. An Elementary MurderVictimIrina Nemovska
0%
33. Killing Me SoftlySuspectIrma Anderson
0%
37. The Reaper and the GeekSuspectIrma Anderson
0%
36. The Devil's PlaygroundSuspectIsaac Hersberger
0%
29. No Smoke Without FireKillerIsaac Weston
0%
30. The Wollcrafts' CreatureSuspectIvan Imlay
0%
29. No Smoke Without FireSuspectJames Savage
0%
31. Dog Eat DogSuspectJames Savage
0%
27. The Lake's BrideSuspectJames Savage
0%
24. Anatomy of a MurderSuspectJames Savage
0%
45. A Shot of BeautySuspectJamie Buxton
0%
40. An Elementary MurderSuspectJanice Mills
0%
52. A Brave New WorldSuspectJason Palms
0%
40. An Elementary MurderKillerJenny Honeycomb
0%
54. The Poisoned TruthSuspectJenny Quaid
0%
32. Murder on CampusSuspectJosh Anderson
0%
34. Dead Man RunningSuspectKarimah Breen
0%
53. Burying the HatchetSuspectKeanu Ashokan
0%
33. Killing Me SoftlySuspectKevin Parker
0%
37. The Reaper and the GeekSuspectKevin Parker
0%
54. The Poisoned TruthSuspectKirk De Haan
0%
38. Spring Break MassacreSuspectKurt Leary
0%
46. Drive, Swing, DieSuspectLaura Harrington
0%
35. At the End of the RopeSuspectLuke Harris
0%
55. Ashes to AshesKillerLuna Hecate
0%
33. Killing Me SoftlyKillerMary Lou Hong
0%
38. Spring Break MassacreSuspectMichael Fletcher
0%
42. Blood and GloryKillerMitchell Westville
0%
47. One Wedding and a FuneralSuspectMolly Mocard
0%
25. The Ghost of GrimsboroughSuspectMonty Washington
0%
55. Ashes to AshesSuspectMorgan Goodwin
0%
24. Anatomy of a MurderSuspectMortimer Mutlog
0%
50. Snakes on the StageSuspectOpera Phantom
0%
26. The SummoningKillerOphelia Lincoln
0%
43. Troubled WatersSuspectPatricia P. Harris
0%
30. The Wollcrafts' CreatureKillerPercy Wollcraft
0%
55. Ashes to AshesSuspectRebecca Moire
0%
25. The Ghost of GrimsboroughSuspectRenee Leland
0%
33. Killing Me SoftlySuspectRiley Davies
0%
50. Snakes on the StageVictimRoland Vane
0%
56. There Will Be BloodSuspectRoman Harris
0%
53. Burying the HatchetSuspectRon Riggs
0%
54. The Poisoned TruthVictimRosie Gatewood
0%
40. An Elementary MurderSuspectSarah Mills
0%
24. Anatomy of a MurderSuspectStanley Turnscrew
0%
26. The SummoningSuspectSteven Crowe
0%
39. Marked for DeathSuspectStuart O'Neil
0%
27. The Lake's BrideSuspectThomas Benson
0%
34. Dead Man RunningSuspectThomas Boedeker
0%
36. The Devil's PlaygroundVictimTom Blackwater
0%
45. A Shot of BeautyKillerTom Norris
0%
46. Drive, Swing, DieVictimTony Webb
0%
34. Dead Man RunningVictimTroy Takiguchi
0%
39. Marked for DeathVictimTyler Wright
0%
48. Good Girls Don't DieSuspectVeronica Johnson
0%
30. The Wollcrafts' CreatureSuspectVictor Wollcraft
0%
47. One Wedding and a FuneralSuspectYan Gobin
0%

Score Distribution

Percentile by Number Answered

Percent of People with Each Score

Your Score History

You have not taken this quiz